[Event "World-chT Rapid"]
[Site "Dusseldorf"]
[Date "2023.08.26"]
[Round "4.5"]
[White "Bashylina, Luisa"]
[Black "Tsatsalashvili, Ketevan"]
[Result "1-0"]
[WhiteElo "2152"]
[BlackElo "2315"]
[PlyCount "77"]
[EventDate "2023.08.26"]
[EventType "team-swiss (rapid)"]
[EventRounds "12"]
[EventCountry "GER"]
[SourceTitle "CBM 215 Extra"]
[Source "ChessBase"]
[SourceDate "2023.09.30"]
[SourceVersion "1"]
[SourceVersionDate "2023.09.30"]
[SourceQuality "1"]
[WhiteTeam "Germany and Friends"]
[BlackTeam "Kompetenzakademie Allstars"]
[WhiteTeamCountry "GER"]
[BlackTeamCountry "GER"]

1. d4 Nf6 2. c4 e6 3. Nc3 Bb4 4. a3 Bxc3+ 5. bxc3 h6 6. e3 0-0 7. Bd3 c5 8. Nf3 Nc6 9. 0-0 d6 10. e4 e5 11. Be3 b6 12. h3 Re8 13. d5 Na5 14. Nd2 Ba6 15. f4 exf4 16. Bxf4 Qe7 17. Qf3 Nd7 18. Qg3 Ne5 19. Bxh6 Ng6 20. Bf4 Nb7 21. Nf3 Qf6 22. Bd2 Ne5 23. Nxe5 Qxe5 24. Qg4 Na5 25. Rf5 Qe7 26. Bg5 Qf8 27. Qg3 Bxc4 28. Bc2 Rac8 29. Bf6 Re5 30. Bxe5 dxe5 31. Qxe5 Ba6 32. Qf4 Rd8 33. Rd1 Bc8 34. Rg5 Nc4 35. e5 Nxa3 36. Be4 g6 37. e6 fxe6 38. Rxg6+ Kh8 39. Qh4+ 1-0

[Event "Titled Tuesday intern op 7th Mar Early"]
[Site "Chess.com INT"]
[Date "2023.03.07"]
[Round "11"]
[White "Koridze, Lile"]
[Black "Tsatsalashvili, Ketevan"]
[Result "1-0"]
[WhiteElo "2122"]
[BlackElo "2303"]
[PlyCount "131"]
[EventDate "2023.03.07"]
[EventType "swiss (blitz)"]
[EventRounds "11"]
[EventCountry "USA"]
[SourceTitle "EXT 2024"]
[Source "ChessBase"]
[SourceDate "2023.10.10"]
[SourceVersion "1"]
[SourceVersionDate "2023.10.10"]
[SourceQuality "1"]

1. d4 Nf6 2. c4 e6 3. Nf3 d5 4. g3 Be7 5. Bg2 0-0 6. 0-0 dxc4 7. Ne5 c5 8. dxc5 Qc7 9. Nxc4 Qxc5 10. b3 Rd8 11. Qe1 a6 12. Ba3 Qc7 13. Bxe7 Qxe7 14. Nc3 Nc6 15. Nb6 Rb8 16. Nxc8 Rbxc8 17. Na4 Nd4 18. Rd1 b5 19. Nb6 Rb8 20. e3 Nxb3 21. axb3 Rxb6 22. Qa5 Rbd6 23. Rc1 h6 24. Bf3 Nd5 25. Rfd1 Qd7 26. e4 Ne7 27. e5 Rd2 28. Qxa6 Rb8 29. Rxd2 Qxd2 30. Rd1 Qc3 31. Qd6 Re8 32. Rd3 Qc1+ 33. Kg2 Nf5 34. Qd7 Rf8 35. Qxb5 Qb1 36. Qc4 Rb8 37. Rc3 Rf8 38. Be4 Qd1 39. Bxf5 exf5 40. b4 Qe1 41. b5 Qxe5 42. Qc5 Qxc5 43. Rxc5 g6 44. Kf3 Rb8 45. Kf4 Kg7 46. Ke5 Re8+ 47. Kd6 Re2 48. b6 Rxf2 49. Rb5 Rd2+ 50. Kc5 Rd8 51. b7 Rb8 52. Kc6 g5 53. Kc7 Re8 54. b8Q Rxb8 55. Rxb8 Kf6 56. Rb6+ Ke5 57. Rxh6 f4 58. gxf4+ Kxf4 59. Rh7 f5 60. Kd6 g4 61. Kd5 Kf3 62. Ke5 f4 63. Rf7 g3 64. Rxf4+ Kg2 65. hxg3 Kxg3 66. Ke4 1-0